000 00463cam a22001814a 4500
005 20250605164115.0
008 250528s ||||||||||||||||||||||||d
035 _a18055
040 _aGR-AtMCL
_bgre
_dGR-AtMCL
_eAACR2
245 1 _aΗ ΑΠΟΚΤΗΣΗ ΤΗΣ ΓΛΩΣΣΑΣ ΑΠΟ ΤΑ ΠΑΙΔΙΑ
250 _a1
260 _bΑ.Π.Θ,
_c2001
300 _a125
700 1 _aΠητα Ρια
_94344
942 _cBK
999 _c3447
_d3447